| 000 | 00783nam a22002297a 4500 | ||
|---|---|---|---|
| 999 |
_c2348 _d2348 |
||
| 003 | AR-CdUCM | ||
| 008 | 190304b ||||| |||| 00| 0 eng d | ||
| 040 |
_aMUNICIPALIDAD PROVINCIAL DEL CUSCO _cBIBLIOTECA MUNICIPAL DEL CUSCO |
||
| 082 |
_a333.31 / _bC13 |
||
| 100 |
_aCaballero, Jose Maria _93405 |
||
| 245 | _aAspectos cuantitativos de la reforma agraria 1969-1979 / | ||
| 260 |
_aLima : _bIEP, _c1980. |
||
| 300 |
_a151 páginas ; _c17 cm. |
||
| 440 |
_aColección mínima _n12 _98458 |
||
| 505 | _aTierra y ganado -- Beneficiarios -- Flujos financieros -- Producción... | ||
| 650 |
_aReforma agraria. _91861 |
||
| 650 |
_aTierra y ganado. _98459 |
||
| 650 |
_aFlujos financieros. _98460 |
||
| 700 |
_aAlvarez, Elena _93154 |
||
| 942 |
_2ddc _cLIBROS |
||
| 945 |
_awfj _d2019-03-04 |
||